Siddhānta-kaumudī, Kārakaprakaraṇa. (Record no. 61701)

MARC details
000 -LEADER
fixed length control field 00805cam a22002651 4500
001 - CONTROL NUMBER
control field sa 65000727
003 - CONTROL NUMBER IDENTIFIER
control field DLC
005 - DATE AND TIME OF LATEST TRANSACTION
control field 20260227112105.0
008 - FIXED-LENGTH DATA ELEMENTS--GENERAL INFORMATION
fixed length control field 900214s1961 ii 000 0 sano
010 ## - LIBRARY OF CONGRESS CONTROL NUMBER
LC control number sa 65000727
035 ## - SYSTEM CONTROL NUMBER
System control number (OCoLC)21063043
040 ## - CATALOGING SOURCE
Original cataloging agency DLC
Transcribing agency WaU
Modifying agency DLC
042 ## - AUTHENTICATION CODE
Authentication code premarc
050 00 - LIBRARY OF CONGRESS CALL NUMBER
Classification number PK541
Item number .B54
100 0# - MAIN ENTRY--PERSONAL NAME
Personal name Bhaṭṭojī Dīkṣita.
245 10 - TITLE STATEMENT
Title Siddhānta-kaumudī, Kārakaprakaraṇa.
260 ## - PUBLICATION, DISTRIBUTION, ETC.
Date of publication, distribution, etc. [1961]
300 ## - PHYSICAL DESCRIPTION
Extent 2, 80 p.
Dimensions 19 cm.
440 #0 - SERIES STATEMENT/ADDED ENTRY--TITLE
Title Vidyabhawan Sanskrit granthamala,
Volume/sequential designation 60
500 ## - GENERAL NOTE
General note In Sanskrit.
500 ## - GENERAL NOTE
General note The Siddhānta-kaumudī by Bhaṭṭoji Dīkṣita is a commentary on Pāṇin's Aṣṭādhyāyī.
650 #0 - SUBJECT ADDED ENTRY--TOPICAL TERM
Topical term or geographic name entry element Sanskrit language
General subdivision Grammar.
700 0# - ADDED ENTRY--PERSONAL NAME
Personal name Pāṇini,
Title of a work Aṣṭādhyāyi.
700 1# - ADDED ENTRY--PERSONAL NAME
Personal name Pandeya, Umesh Chandra.

No items available.

Powered by Koha